Matemáticas universitarias introductorias con niveles Mymathlab (Registro nro. 9168)
[ vista simple ]
| 000 -Cabecera | |
|---|---|
| Campo de control de longitud fija | 01034nam a22004217a 4500 |
| 005 - Fecha y hora de la última transacción | |
| Campo de control | 20251107170917.0 |
| 008 - Elementos de longitud fija--Información general | |
| Campo de control de longitud fija | 170328b2014 xxu||||| |||| 00| 0 spa d |
| 020 ## - International Standard Book Number | |
| Número Internacional Estándar del Libro (ISBN) | 9786073227261 |
| 041 ## - Idioma | |
| Código de idioma | Español |
| 082 ## - Clasificación Decimal Dewey | |
| Número de clasificación | 510 D737m2 |
| 100 ## - Entrada principal--Autor personal | |
| Nombre personal | Demana, Franklin |
| 100 ## - Entrada principal--Autor personal | |
| Nombre personal | Foley, Gregory |
| 100 ## - Entrada principal--Autor personal | |
| Nombre personal | Kennedy, Daniel |
| 100 ## - Entrada principal--Autor personal | |
| Nombre personal | Blitzer, Robert |
| 245 ## - Título propiamente dicho | |
| Título | Matemáticas universitarias introductorias con niveles Mymathlab |
| 250 ## - Edición | |
| Mención de edición | 2 edición |
| 260 ## - Pie de imprenta | |
| Lugar de publicación, distribución, etc. | México |
| 260 ## - Pie de imprenta | |
| Nombre del editor, distribuidor, etc. | Pearson Educación |
| 260 ## - Pie de imprenta | |
| Fecha de publicación, distribución, etc. | 2014 |
| 300 ## - Descripción física | |
| Extensión | 424 páginas |
| 490 ## - Serie | |
| Título de la Serie | Temática General |
| 650 ## - Materia general | |
| Temática (materia general) | MATEMÁTICAS |
| 650 ## - Materia general | |
| Temática (materia general) | NÚMEROS REALES |
| 650 ## - Materia general | |
| Temática (materia general) | POLINOMIOS |
| 650 ## - Materia general | |
| Temática (materia general) | TEORÍA DE ECUACIONES |
| 650 ## - Materia general | |
| Temática (materia general) | DESIGUALDADES |
| 650 ## - Materia general | |
| Temática (materia general) | FUNCIONES TRIGNOMÉTRICAS |
| 650 ## - Materia general | |
| Temática (materia general) | GEOMETRÍA ANALÍTICA |
| 650 ## - Materia general | |
| Temática (materia general) | FUNCIONES |
| 650 ## - Materia general | |
| Temática (materia general) | CÁLCULO |
| 650 ## - Materia general | |
| Temática (materia general) | ALGEBRA LINEAL |
| 942 ## - Punto de acceso adicional KOHA | |
| Tipo de ítem KOHA | Libro |
| Fuente del sistema de clasificación o colocación | Dewey Decimal Classification |
| Signatura completa | Código de barras | Programa Académico | Tipo de ítem |
|---|---|---|---|
| 510 D737m2 | 21943 | Libro | |
| 510 D737m2 | 21944 | Libro |